Statystyki dla wszystkie dorzecza wisly

Kliknij tutaj aby rozwiązać quiz!

Ogólne statystyki

  • Ten quiz został rozwiązany 39 razy
  • Średni wynik to 13 z 28

Statystyki odpowiedzi

doplywy wisly% Poprawnych
narew
92%
pilica
81%
san
81%
dunajec
77%
wieprz
73%
brda
69%
bzura
65%
wisloka
65%
sola
58%
wda
58%
nida
50%
raba
46%
skawa
46%
drweca
38%
kamienna
38%
skrwa
38%
wkra
38%
osa
35%
przemsza
35%
radomka
35%
czarna
31%
swider
23%
wierzyca
23%
ilzanka
19%
liwa
19%
szreniawa
12%
dlubnia
4%
opatowka
4%

Rozkład punktacji

Percentyl według liczby udzielonych odpowiedzi

Procent ludzi z każdym wynikiem

Twoja historia wyników

Nie rozwiązałeś tego quizu